000 00358cam a22001097a 4500
008 180718b1968 xxu||||| |||| 00| 0 eng d
082 _aL203x54 In2t
100 _aBhoothalingam, S.
245 _aFinal report on rationalisation and simplification of the tax structure
_cby S. Bhoothalingam
260 _aDelhi
_bGovernment of India Press
_c1968
300 _a91+p.
999 _c500432
_d500432